000 00527 a2200145 4500
020 _a978-969-8535-23-0
082 _a954.9122
090 _c1759
_d1759
100 _aDr. Nadeem Shafiq Malik
245 _aA Sociolinguistic Study of Wakhi Language of Nothern Pakistan
_cDr. Nadeem Shafiq Malik
260 _aIslamabad
_bNUST Publishing
_c2014
300 _a222p
942 _aSNS
_cBK
_k954.9122 NAD
999 _c30366
_d30366